A magyar egyház története

Bibliographic Details
Main Author: Cherrier, Mikuláš, 1790-1862 (Author)
Format: Book
Language:Hungarian
PhysicalDescription:viii, 592 s. 23 cm
Published: Pesten Heckenast Gusztáv 1856
Subjects:

MARC

LEADER 00000nam a2200000 a 4500
001 vtls001439499
003 SK-MaSNL
005 20260302072807.0
008 240314s1856 HU r 0 hun
035 |a SNK000394650 
040 |a SNK  |b slo  |c SNK  |e AACR2 
043 |a e-hu--- 
044 |a HU 
072 7 |a 27-9  |x Dejiny kresťanskej cirkvi  |2 konspekt 
080 |a 27-9  |2 1981 
080 |a (439)  |2 1981 
080 |a (048.8)  |2 1981 
100 1 |a Cherrier, Mikuláš,  |d 1790-1862  |4 aut  |9 124194 
245 1 0 |a A magyar egyház története  |c irta Cherrier Miklós J. 
260 |a Pesten  |b Heckenast Gusztáv  |c 1856  |e Pozsonyban  |f Nyomatott Schreiber Alajosnál 
300 |a viii, 592 s.  |c 23 cm 
650 0 7 |a Maďarsko  |x dejiny, cirkevné  |y 9.-19. stor.  |2 SNK  |9 736382 
651 7 |a Maďarsko  |x náboženské pomery  |y stor. 9.-19.  |2 SNK  |9 736383 
655 7 |a príručky  |2 SNK  |9 74364 
655 7 |a štúdie  |2 SNK  |9 57033 
752 |d Budapešť 
999 |c 1158113  |d 1160043 
952 |t P60, <03>, [BOOK], {603}  |a SNK  |b SNK  |y PREZ  |7 0  |p 17A0843240  |o snkSC 14825  |i snkK 3560/60  |8 3  |0 0  |1 0  |4 0  |d 2002-08-19  |l 0  |r 2025-07-16 00:00:00  |w 2026-02-24 
952 |t P60, <04>, [BOOK], {604}  |a SNK  |b SNK  |y VYP  |7 0  |p 17A0353714  |o snkSC 14825 D1  |i snkK 742/2002  |8 3  |0 0  |1 0  |4 0  |d 2002-08-19  |l 0  |r 2005-01-02 00:00:00  |w 2026-02-24